Southville International School and Colleges
Your cart is empty.
  • Cart
  • Lists
    Public lists Eva Luna New books Lux_list list_1
    Your lists Log in to create your own lists
  • Log in to your account
  • Your cookies
  • Search history
Southville International School and Colleges
  • Advanced search
  • Recent comments
  • Most popular
  • Libraries

Log in to your account

Log in with GOOGLE


If you do not have an external account, but do have a local account, you can still log in:

  1. Home
  2. MARC view: Consumer behaviour in tourism /
Normal view MARC view ISBD view

Consumer behaviour in tourism / (Record no. 22665)

[ view plain ]
MARC details
000 -LEADER
fixed length control field 00680nam a2200229 a 4500
003 - CONTROL NUMBER IDENTIFIER
control field PILC
005 - DATE AND TIME OF LATEST TRANSACTION
control field 20160224163339.0
008 - FIXED-LENGTH DATA ELEMENTS--GENERAL INFORMATION
fixed length control field 071207s19uu xx uuu eng d
020 ## - INTERNATIONAL STANDARD BOOK NUMBER
International Standard Book Number 9780750667357
050 ## - LIBRARY OF CONGRESS CALL NUMBER
Classification number G 155.A1
Item number .Sw88 2007
100 ## - MAIN ENTRY--PERSONAL NAME
Personal name Swarbrooke, John.
245 ## - TITLE STATEMENT
Title Consumer behaviour in tourism /
Statement of responsibility, etc John Swarbrooke and Susan Horner.
250 ## - EDITION STATEMENT
Edition statement 2nd edition.
260 ## - PUBLICATION, DISTRIBUTION, ETC. (IMPRINT)
Place of publication, distribution, etc U.S.A :
Name of publisher, distributor, etc Butterworth-Heineman,
Date of publication, distribution, etc 2007.
300 ## - PHYSICAL DESCRIPTION
Extent 428 pages :
Other physical details illustrations ;
Dimensions 27 cm.
500 ## - GENERAL NOTE
General note Includes bibliographical references and index.
650 ## - SUBJECT ADDED ENTRY--TOPICAL TERM
Topical term or geographic name as entry element Consumer behaviour.
650 ## - SUBJECT ADDED ENTRY--TOPICAL TERM
Topical term or geographic name as entry element Tourism.
700 ## - ADDED ENTRY--PERSONAL NAME
Personal name Horner, Susan
942 ## - ADDED ENTRY ELEMENTS (KOHA)
Koha item type Books
Source of classification or shelving scheme Library of Congress Classification
Call number prefix Foreign
Holdings
Withdrawn status Lost status Source of classification or shelving scheme Damaged status Home library Current library Shelving location Date acquired Source of acquisition Total Checkouts Full call number Barcode Date last seen Copy number Price effective from Koha item type
    Library of Congress Classification   College Library College Library General Circulation Section 01/20/2014 Library Fund   G 155.A1 .Sw88 2007 C8863 05/15/2018 1 01/20/2014 Books

Consumer behaviour in tourism /

APA

Swarbrooke J., Horner S., . (2007). Consumer behaviour in tourism. U.S.A: Butterworth-Heineman.

Chicago

Swarbrooke John, Horner Susan, . 2007. Consumer behaviour in tourism. U.S.A: Butterworth-Heineman.

Harvard

Swarbrooke J., Horner S., . (2007). Consumer behaviour in tourism. U.S.A: Butterworth-Heineman.

MLA

Swarbrooke John, Horner Susan, . Consumer behaviour in tourism. U.S.A: Butterworth-Heineman. 2007.

  • Place hold
  • Print
  • Cite
  • Add to your cart (remove)
  • Save record
    BIBTEX Dublin Core MARCXML MARC (non-Unicode/MARC-8) MARC (Unicode/UTF-8) MARC (Unicode/UTF-8, Standard) MODS (XML) RIS
  • More searches
    Search for this title in:
    Other Libraries (WorldCat) Other Databases (Google Scholar) Online Stores (Bookfinder.com) Open Library (openlibrary.org)

Exporting to Dublin Core...

SOUTHVILLE LIBRARY

Southville International School and Colleges Library

1281 Tropical Ave. Cor. Luxembourg St., BF Homes International, Las Pinas City

Tel. No. 8256374 / 252358 Loc. 117/146

Powered by Koha